Countries hosting Ironman Triathlons - Statistics

General Stats
  • This quiz has been taken 116 times
  • The average score is 17 of 25
Answer Stats
Country Hosting cities % Correct
United States Tempe, Boulder, Chattanooga and nine others
97%
Germany Frankfurt (am Main) and Hamburg
96%
France Nice and Vichy
93%
Spain Calella and Puerto del Carmen
92%
Australia Port Macquarie, Cairns and Busselton
90%
United Kingdom Bolton, Tenby
85%
Italy Cervia
84%
Canada Penticton and Mont-Tremblant
80%
Austria Klagenfurt
79%
Mexico Los Cabos, Cozumel
78%
Brazil Florianopolis
77%
New Zealand Taupo
75%
South Africa Nelson Mandela Bay
74%
Sweden Kalmar
71%
Denmark Copenhagen
69%
Switzerland Zürich
68%
Norway Haugesund
66%
Argentina Mar del Plata
63%
Ireland Youghal
62%
Netherlands Maastricht
55%
South Korea Gurye
38%
Estonia Tallinn
34%
Malaysia Langkawi
30%
Philippines Zambales
27%
Taiwan Penghu
26%
No matching quizzes found
Score Distribution
Percent of People with Each Score
Percentile by Number Answered
Your Score History
You have not taken this quiz